| 000 | 00620nam a2200205 i 4500 | ||
|---|---|---|---|
| 001 | 128425 | ||
| 003 | ES-MaACL | ||
| 005 | 20250822022407.0 | ||
| 007 | t| | ||
| 008 | 070510s1969 sp ||||1| spa d | ||
| 080 | _a159.923 | ||
| 100 | 1 |
_aTalamonti, Leo. _9109107 |
|
| 245 | 1 | 0 |
_aGuía del carácter / _cLeo Talamonti ; [traducción de José Domingo]. |
| 260 |
_aBarcelona : _bMartínez Roca, _c1969. |
||
| 300 |
_a291 p. : _bil. ; _c23 cm. |
||
| 650 | 1 | 7 |
_aCarácter _2embne _910773 |
| 700 | 0 |
_aDomingo, José, _d1913-1975 _945118 |
|
| 852 |
_aES-MaACL _jC-47944 _bR.72788 |
||
| 999 |
_c128425 _d128425 |
||